000 00621nam a2200205 a 4500
999 _c2545
_d2545
001 2545
003 BD-JhCC
005 20171104172442.0
008 171104b1968 bg ||||| |||| 00| 0 ben d
035 _a(BD-JhCC)
040 _aBD-JhCC
_dBD-JhCC
041 _aben
082 _a891.4409
_bMAJ 1968
100 _aমজিদ, এম এ
245 _aছোটদের কবি নজরুল /
_cএম এম মজিদ
260 _aঢাকা:
_bসিটি লাইব্রে ;রী
_c১৯৬৮
300 _a১৩৫ পৃ.;
_c২০ সেমি
650 _aBengali literature
942 _2ddc
_cBK